Правовий захист суб'єктів господарювання (теорія і практика) (Запис № 573942)

МАРК-запис
000 -Лідер
fixed length control field 01971 a2200253 4500
003 - Ідентифікатор контрольного номера
control field UA-OsUOA
005 - Дата та час останнього входження (трансакції)
control field 20230322101659.0
008 - Елементи даних фіксованої довжини – загальна інформація
fixed length control field 230309b un ||||| |||| 00| 0 ukr d
020 ## - Міжнародний стандартний книжковий номер (ISBN)
Міжнародний стандартний книжковий номер (ISBN) (НП) 9789661700641
040 ## - Джерело каталогізації
Агенція оригінальної каталогізації UA-OsUOA
Мова каталогізації ukr
Агенція, яка здійснювала перезапис UA-OsUOA
Агенція, яка здійснювала модифікацію UA-OsUOA
041 ## - Код мови
Код мови тексту/ звукової доріжки чи окремого заголовка (П) ukr
080 ## - Індекс Універсальної десяткової класифікації
Індекс Універсальної десяткової класифікації (УДК) (НП) 346.9(091)
090 ## - Локальний шифр розміщення
Класифікаційний індекс УДК 346.9(091)
Авторський знак (НП) Г83
100 ## - Основне введення – ім’я особи
Ім’я особи (НП) Григорчук М.
110 ## - Наймення організації – загальна інформація
Найменування колективу або юрисдикції як початковий елемент введення Вищий навчальний заклад Університет економіки і права "Крок"
245 ## - Відомості про назву
Назва (НП) Правовий захист суб'єктів господарювання (теорія і практика)
Решта назви (НП) монографія
Дані про відповідальність (НП) Мирослав Григорчук
260 ## - Публікація, розповсюдження і т.п. (Вихідні дані)
Місце публікації, розповсюдження і т.п. (П) К.
Ім’я/ наймення видавництва, розповсюджувача і т.п. (П) Крок
Дата публікації, розповсюдження і т.п. (П) 2020
300 ## - Фізичний опис
Обсяг 377 с.
505 00 - Форматована примітка про зміст
Форматована примітка про зміст Зміст<br/>1. Історичне та наукове підґрунтя правового захисту в юриспруденції<br/>2. Сутність та наукове бачення структури поняття "захист прав суб'єктів господарювання"<br/>3. Досудові форми і міжнародно-правове регулювання правового захисту прав суб'єктів господарювання<br/>4. Судовий захист прав суб'єктів господарювання: конституційні основи і шляхи удосконалення<br/>5. Правовий захист прав суб'єктів господарювання (теоретико-методологічні аспекти)<br/>
650 ## - Додаткове предметне введення – тематичний термін
Джерело заголовка чи терміна UDC
Тематичний термін чи географічна назва, як елемент введення (НП) 346.9 Здійснення господарського права. Санкції. Нагляд. Господарсько-правові суперечки. Врегулювання. Правовий захист
942 ## - Додаткові елементи входу (Коха)
Тип елемента Koha Книги
Source of classification or shelving scheme Universal Decimal Classification
955 ## - Код типу видання за змістом
Код типу видання за змістом (НП) Наукові видання
Фонди
Стан вилучень Стан втрат Джерело класифікації або схеми стелажів Стан уражень Не для кредиту Код колекції Постійне місце розташування Поточне розміщення Дата придбання Джерело придбання Вартість, звичайна ціна покупки Повний номер виклику Штрих-код Дата останнього перегляду Вартість, ціна заміни Ціна ефективна від Тип елемента Koha
    Universal Decimal Classification     Колекція Колоса М.І. ЧЗ - Читальна зала ЧЗ - Читальна зала 09/03/2023 №9/07.03.2023 150.00 346.9(091) Г83 165693 09/03/2023 150.00 09/03/2023 Книги